Malvinas : educación y memoria /

Guardado en:
Autor Principal: Adamoli, María Celeste
Formato: Libro
Publicado: Argentina : Ministerio de Educación, 2012
Materias:
Etiquetas: Agregar Etiqueta
Sin Etiquetas, Sea el primero en etiquetar este registro!
LEADER 00814nam a22001935a 4500
001 CEM.cems013643
005 20100326095731.0
008 130507s2012##################000#0#####d
003 CEMS
082 0 4 |a F320.1 
100 1 |a Adamoli, María Celeste 
245 1 0 |a Malvinas :  |b educación y memoria /  |c Coordinación : 
260 |a Argentina :  |b Ministerio de Educación,  |c 2012 
300 |a 50 p. 
500 |a 2 de Abril, Día del Veterano y de los caídos en la Guerra de Malvinas Cuadernillo para docentes de escuelas secundarias 
505 0 |a Material para trabajar en las aulas sobre Historia, Memoria y Soberanía de las Islas Malvinas, Georgias del Sur y los espacios marítimos circundantes 
653 |a Islas malvinas 
653 |a Guerra de malvinas 
859 |a CEMS  |b BIB. CEMS - 11 de abril  |h F320.1  |i 5-2  |p 2761.44  |t Ej.1